| 000 | 01289cam a2200361 a 4500 | ||
|---|---|---|---|
| 001 | 12028282 | ||
| 003 | OSt | ||
| 005 | 20140310184352.0 | ||
| 008 | 000602r20022000mau j 000 1 eng | ||
| 010 | _a 00040966 | ||
| 020 | _a0618070281 | ||
| 040 |
_aDLC _cDLC _dDLC |
||
| 042 | _alcac | ||
| 050 | 0 | 0 |
_aPZ 7 _b.M35145os 2007 |
| 100 | 1 |
_aMarsden, John, _d1950- _925202 |
|
| 245 | 1 | 4 |
_aThe other side of dawn / _cJohn Marsden. |
| 260 |
_aBoston : _bHoughton Mifflin Co., _c2007. |
||
| 300 |
_a339 p. : _c22 cm. |
||
| 490 | 1 | _a[Tomorrow series] | |
| 521 | _aG5 | ||
| 526 | _c790 | ||
| 650 | 1 |
_aSurvival _vFiction. _925203 |
|
| 650 | 1 |
_aWar _vFiction. _925204 |
|
| 651 | 1 |
_aAustralia _vFiction. _925205 |
|
| 800 | 1 |
_aMarsden, John, _d1950- _tTomorrow series. _925206 |
|
| 856 | 4 | 2 |
_3Publisher description _uhttp://www.loc.gov/catdir/description/hm022/00040966.html |
| 856 | 4 | 2 |
_3Contributor biographical information _uhttp://www.loc.gov/catdir/enhancements/fy0735/00040966-b.html |
| 906 |
_a7 _bcbc _corignew _d1 _eocip _f20 _gy-gencatlg |
||
| 942 |
_2lcc _cBK-SCHOLAS |
||
| 999 |
_c33952 _d33952 |
||